000 01330nam a22003977a 4500
001 000001580
003 CHAP
005 20220329133036.0
008 971013s1989 r 00010 d
010 _a1531
011 _a2503
035 _a1697
040 _cCHAP
082 _a333.72
_bC8
100 0 0 _aCuanalo de la Cerda, Heriberto E.
_929925
245 0 _aProvincias regiones y subregiones terrestres de México.
260 _aMontecillo, Méx. :
_bColegio de Postgraduados,
_c1989.
300 _a634 p. :
_b: il. +
_a7 mapas. (material complementario).
590 _aBATCH-UPD
_b10
_c20130110
_lUCH01
_h0127
590 _aBATCH-UPD
_b10
_c20130110
_lUCH01
_h1407
590 _aBATCH-UPD
_b10
_c20130409
_lUCH01
_h2122
590 _aBATCH-UPD
_b10
_c20130410
_lUCH01
_h0855
590 _aBATCH-UPD
_b10
_c20130914
_lUCH01
_h1723
590 _aCONVERSION
_b10
_c20130109
_lUCH01
_h1302
590 _aE11695DGD
_b10
_c20150219
_lUCH01
_h1049
590 _aE11695DGD
_b10
_c20150323
_lUCH01
_h1019
650 1 4 _aLevantamiento fisiográfico
_zMéxico.
_966421
650 1 4 _aPaisaje.
_984761
650 1 4 _aRecursos naturales
_xMéxico.
_995299
700 0 _aOjeda Trejo, Enrique.
_982917
700 0 _aOrtiz Solorio, Carlos Alberto.
_984067
700 0 _aSantos Ocampo, Angel.
_9102517
901 _aBK
942 _cLIBRO
942 _n0
999 _c1531
_d1531